Análisis comparativo del derecho ambiental mexicano con el derecho ambiental de la Unión Europea /

-д хадгалсан:
Номзүйн дэлгэрэнгүй
Үндсэн зохиолч: Cárdenas Uribe, Omar (autor)
Формат: Дипломын ажил Ном
Хэл сонгох:испани
Нөхцлүүд:
Шошгууд: Шошго нэмэх
Шошго байхгүй, Энэхүү баримтыг шошголох эхний хүн болох!

MARC

LEADER 00000nam^a2200000^a^4500
001 000136237
005 20250521000000.0
009 20260310095311.879
037 |a Acervo ITESO - Biblioteca 
041 |a ESP 
090 |a DER. 430 
100 |a Cárdenas Uribe, Omar  |e (autor) 
245 1 0 |a Análisis comparativo del derecho ambiental mexicano con el derecho ambiental de la Unión Europea /  |c O. Cárdenas Uribe. 
264 |a Guadalajara, México :  |b edición de autor,  |c 2002 
300 |a 130 p. 
336 |a texto  |b txt  |2 rdacontenido 
337 |a sin mediación  |b n  |2 rdamedio 
338 |a volumen  |b nc  |2 rdasoporte 
502 |a ITESO Tesis de Licenciatura en Derecho 
610 |a Comunidad Económica Europea 
649 |a XX 
650 |a Política Ambiental -  |z México 
650 |a Política Ambiental -  |z Europa 
650 |a Conservación y Protección Ambiental -  |z México 
650 |a Conservación y Protección Ambiental -  |z Europa 
650 |a Derecho Ambiental -  |z México 
650 |a Derecho Ambiental -  |z Europa 
650 |a Derecho Público -  |z México 
650 |a Derecho Público -  |z Europa 
650 |a Derecho Comparado 
910 |a Fondo General 
920 |a Impresos - Tesis del ITESO 
930 |a Colección General 
905 |a 104 
901 |a 0500064989  |b IT2  |c TSS  |u 20250521 
902 |a https://opac.biblio.iteso.mx/vufind/Record/000136237